00289nam a2200121Ia 4500008004100000041001200041082001000053100002200063245001600085250000900101260004900110650000800159221030s9999 xx 000 0 und d aEnglish a105.6 aSunil Mehra /1123 0aE - Crime a2012 bINF WIZ CHANDIGARHaINF WIZ CHANDIGARHc2012 aMCA